| 000 | 00475nam a22001337a 4500 | ||
|---|---|---|---|
| 082 |
_aP-491 _bGC Abdula Ghafoor |
||
| 245 |
_aComparative analyses of low and high density polyethylene modified bituminous mixes in pakistan _cGC Abdula Ghafoor |
||
| 260 |
_aRisalpur _bGC Abdula Ghafoor, GC Hamza Bin Faiz |
||
| 300 | _a95 p. : | ||
| 526 |
_a0 _b0 _c0 _dP_491_GC_ABDULA_GHAFOOR |
||
| 650 |
_aMCE _9379 |
||
| 700 |
_aLt Col Dr. Muhammad Bilal Khurshid _948120 |
||
| 942 |
_2ddc _cBK |
||
| 999 |
_c551153 _d551153 |
||